Statistics for Active NBA Players Mentioned in Songs

Click here to take the quiz!

General Stats

  • This quiz has been taken 2 times
  • The average score is 10 of 51

Answer Stats

PlayerSong ArtistAnswer% Correct
Mo BambaSheck WesMo Bamba
100%
Kevin DurantLogic44 More
50%
Stephen CurryFat Joe ft. Jay-Z, Remy Ma, French Montana and InfaRedAll the Way up (Remix)
50%
Kyrie IrvingFat Joe ft. Jay-Z, Remy Ma, French Montana and InfaRedAll the Way up (Remix)
50%
Dennis Smith JrJ. Colea m a r i
50%
Russell WestbrookJ. Colea m a r i
50%
Stephen CurryDJ Mustard ft. Nicki Minaj & JeremihDon't Hurt Me
50%
Lebron JamesDJ Mustard ft. Nicki Minaj & JeremihDon't Hurt Me
50%
Luka DoncicJack HarlowDua Lipa
50%
Lebron JamesJay-Z ft. Alicia KeysEmpire State of Mind
50%
Blake GriffinChildish GambinoFreaks and Geeks
50%
Demar DeRozanKYLE ft. Lil YachtyiSpy
50%
Derrick RoseJay-Z & Kayne WestN***** in Paris
50%
Devin BookerTravis Scott (ft. Drake)Sicko Mode
50%
Stephen CurryAriana Grande ft. Nicki MinajSide to Side
50%
Tyler HerroJack HarlowTyler Herro
50%
James HardenPost MaloneWhite Iverson
50%
Anthony DavisPost MaloneWhite Iverson
50%
Kevin DurantPost MaloneWhite Iverson
50%
Stephen CurryDrake0 to 100
0%
Dennis Smith Jr21 Savage ft. J. ColeA lot
0%
Markelle Fultz21 Savage ft. J. ColeA lot
0%
Lebron JamesWale ft. Meet Mill & Rick RossAmbition
0%
Montrezl HarrellJack HarlowAmbitious
0%
Klay ThompsonQuavoCall Casting
0%
James HardenWiz KhalifaChevy Bars
0%
Lebron JamesKanye West ft. Jay-Z & Big SeanClique
0%
Lebron JamesJ. ColeDead Presidents II
0%
Andrew WigginsDrakeDraft Day
0%
Kevin DurantRick Ross ft. DrakeGold Roses
0%
Lebron JamesJay-Z & Kanye WestGotta Have it
0%
Demar DeRozanWiz KhalifaHomework
0%
Derrick RoseKanye West, Chief Keef, Pusha T, Big Sean & JadakissI Don't Like (Remix)
0%
Stephen CurryBig SeanLight
0%
Lebron JamesBig SeanLight
0%
Lebron JamesJ. ColeMIDDLE CHILD
0%
Chris PaulChance the Rapper ft. Young ThugMixtape
0%
Zion williamsonDrake ft. Rick RossMoney in the Grave
0%
Lebron JamesKanye WestNew God Flow
0%
Lebron JamesDrakeNonstop
0%
Kawhi LeonardBig SeanOvertime
0%
Kawhi LeonardDrakePain 1993
0%
Kevin DurantFrench Montana ft. Drake, Lil Wayne & Rick RossPop That
0%
Lebron JamesJ. ColeReturn of Simba
0%
Russell WestbrookLil DickyRussell Westbrook on a Farm
0%
Lebron JamesBig Sean ft. MigosSacrifices
0%
Chris PaulMac MillerSunlight
0%
Russell WestbrookKendrick LamarThe Heart Pt. 4
0%
James HardenTravis ScottWay Back
0%
Kevin DurantDrakeWeston Road Flows
0%
Chris PaulLudacrisWish you would
0%

Score Distribution

Percentile by Number Answered

Percent of People with Each Score

Your Score History

You have not taken this quiz